000 00786nam a2200241 i 4500
001 000011445
003 DO-SdBNP
005 20241118095832.0
007 ta
008 091019s1976 dr ac r 001 0 spa d
040 _aDO-SdBNP
_bspa
_cBNPHU
_erda
082 4 _axxx
_bS489h
_222
100 1 _aSerulle, Haffe,
_d1947-
_eautor
_4aut.
_922959
245 1 3 _aEl hatero del Seibo (Pedro Santana) /
_cHaffe Serulle.
264 _aSanto Domingo :
_bEditora Alfa & Omega,
_c1976.
300 _a163 páginas :
_bilustraciones, retratos ;
_c21 cm.
336 _atexto
_btxt
_2rdacontent
337 _asin mediación
_bn
_2rdamedia
338 _avolumen
_bnc
_2rdacarrier
500 _aIncluye datos biografícos del autor en la contracubierta
590 _aInventariado, 2024/BT
942 _2ddc
_cLBS1
999 _c11146
_d11146